AFC Ajax Squad 2025-2026 - Statistics

General Stats
  • This quiz has been taken 90 times
    22 since last reset
  • The average score is 23 of 34
Answer Stats
# Position Nation Player % Correct
3 DF Denmark Anton Gaaei
89%
24 MF Belgium Jorthy Mokio
89%
37 DF Croatia Josip Šutalo
89%
9 FW Denmark Kasper Dolberg
89%
11 FW Belgium Mika Godts
89%
1 GK Czech Republic Vítězslav Jaroš
89%
8 MF Netherlands Kenneth Taylor
83%
4 DF Japan Ko Itakura
83%
22 GK Netherlands Remko Pasveer
83%
18 MF Netherlands Davy Klaassen
78%
2 DF Brazil Lucas Rosa
78%
47 DF Ukraine Oleksandr Zinchenko
78%
10 MF Israel Oscar Gloukh
78%
32 DF Japan Takehiro Tomiyasu
78%
15 DF Netherlands Youri Baas
78%
26 GK Indonesia Maarten Paes
72%
43 MF Belgium Rayane Bounida
67%
17 FW Norway Oliver Edvardsen
61%
5 DF Netherlands Owen Wijndal
61%
7 FW Spain Raúl Moro
61%
25 FW Netherlands Wout Weghorst
61%
21 MF Netherlands Branco van den Boomen
56%
- Coach Netherlands Johnny Heitinga
56%
48 MF Netherlands Sean Steur
56%
23 FW Netherlands Steven Berghuis
56%
6 MF Netherlands Youri Regeer
56%
19 FW Netherlands Don-Angelo Konadu
50%
- Coach Netherlands Fred Grim
50%
28 MF Netherlands Kian Fitz-Jim
50%
12 GK Netherlands Joeri Heerkens
44%
27 FW Sweden Maximilian Ibrahimović
44%
7 FW Argentina Maher Carrizo
39%
30 DF Netherlands Aaron Bouwman
33%
16 MF England James McConnell
33%
No matching quizzes found
Score Distribution
Percent of People with Each Score
Percentile by Number Answered
Your Score History
You have not taken this quiz since the last reset